000 00993cam a2200253 i 4500
003 SA-RiAUC
005 20260316125318.0
008 260312s1914 ua g 00000 ara c
040 _aSA-RiAUC
_bara
_cSA-RiAUC
_erda
082 0 4 _a138
_qSA-RiAUC
090 _aم ن 138
_bش ي خ
100 1 _aشيخ الربوة، محمد بن أبي طالب الأنصاري،
_d654-727 هجري
_eمؤلف.
245 1 2 _aالسياسة في علم الفراسة /
_cمحمد بن أبي طالب شيخ الربوة.
264 1 _a[مكان النشر غير محدد] :
_b[الناشر غير محدد]،
_c1914
264 3 _aالقاهرة :
_bمطبعة الكلية
300 _a59 صفحة ؛
_c29 سم
336 _aنص
_btxt
_2rdacontent
_3كتاب
337 _aبدون وسيط
_bn
_2rdamedia
338 _aمجلد
_bnc
_2rdacarrier
650 7 _aالفراسة
_2aucsh
650 7 _aالشخصية
_2aucsh
942 _2ddc
_cRBOOK COPY
_n0
949 _aSA-JeALM
_d260312
_umohamedma123
_n1
999 _c14633
_d14633